000
00355nam a22001217a 4500
082
_a
358.5491
100
_a
Ahmed, Khaleel
245
_a
Legend of the tail Choppers (1948-1998) /
_c
Khaleel Ahmed
260
_a
Islamabad :
_b
The Army press,
_c
2006.
300
_a
355 p. ;
_c
25cm.
942
_2
ddc
_c
BK
999
_c
566047
_d
566047